Statistics for Largest cities in Shikoku

Click here to take the quiz!

General Stats

  • This quiz has been taken 208 times
  • The average score is 6 of 10

Answer Stats

HintAnswer% Correct
338,887Kochi
89%
516,647Matsuyama
89%
262,351Tokushima
85%
420,698Takamatsu
78%
160,957Imabari
51%
110,386Marugame
43%
80,107Uwajima
42%
119,628Niihama
38%
110,144Saijo
36%
88,224Shikokuchuo
36%

Score Distribution

Percentile by Number Answered

Percent of People with Each Score

Your Score History

You have not taken this quiz